| 000 | 01668nam a2200445 i 4500 | ||
|---|---|---|---|
| 001 | ELB67525 | ||
| 003 | FlNmELB | ||
| 006 | m o d | | ||
| 007 | cr cnu|||||||| | ||
| 008 | 170210s2016 cl o 001 0 spa d | ||
| 020 | _a9781512932966 (e-book) | ||
| 020 | _z9789560103130 | ||
| 035 | _a(MiAaPQ)EBC4722117 | ||
| 035 | _a(Au-PeEL)EBL4722117 | ||
| 035 | _a(CaPaEBR)ebr11286277 | ||
| 035 | _a(OCoLC)984794811 | ||
| 040 |
_aFINmELB _bspa _erda _cFINmELB |
||
| 050 | 4 |
_aHN293.5 _bF143 2016 |
|
| 080 | _a308 | ||
| 082 | 0 |
_a306.0983 _223 |
|
| 110 | 2 | _aFacultad de Humanidades USACH. | |
| 245 | 1 | 0 |
_aDebates contemporáneos : _bVI Jornadas de Investigación de la Facultad de Humanidades / _cFacultad de Humanidades USACH. |
| 264 | 1 |
_aSantiago : _bRIL editores, _c2016. |
|
| 300 | _a1 recurso en línea (306 páginas) | ||
| 336 |
_atexto _btxt _2rdacontent/spa |
||
| 337 |
_acomputadora _bc _2rdamedia/spa |
||
| 338 |
_arecurso en línea _bcr _2rdacarrier/spa |
||
| 500 | _aIncluye índice. | ||
| 588 | _aDescripción basada en recurso en línea; Título de la página del título en PDF (e-libro, visto February 10, 2017). | ||
| 590 | _aRecurso electronico. Santa Fe, Arg. : e-libro, 2016. Disponible via World Wide Web. El acceso puede ser limitado para las bibliotecas afiliadas a e-libro. | ||
| 650 | 0 |
_aPolitical science _zChile. |
|
| 650 | 4 |
_aCiencia política _zChile. |
|
| 650 | 0 | _aHumanities. | |
| 650 | 4 | _aHumanidades. | |
| 651 | 0 |
_aChile _xSocial conditions. |
|
| 651 | 4 |
_aChile _xCondiciones sociales. |
|
| 655 | 4 | _aLibros electrónicos. | |
| 797 | 2 | _ae-libro, Corp. | |
| 856 | 4 | 0 | _uhttps://elibro.net/ereader/usam/67525 |
| 999 |
_c132075 _d132075 |
||